Normal view
MARC view
Entry Topical Term
001 - CONTROL NUMBER
- control field: 8461
003 - CONTROL NUMBER IDENTIFIER
- control field: OSt
005 - DATE AND TIME OF LATEST TRANSACTION
- control field: 20211105133011.0
008 - FIXED-LENGTH DATA ELEMENTS
- fixed length control field: 211105|| aca||aabn | a|a d
040 ## - CATALOGING SOURCE
- Original cataloging agency: OSt
- Transcribing agency: OSt
150 ## - HEADING--TOPICAL TERM
- Topical term or geographic name entry element: Space Sciences
670 ## - SOURCE DATA FOUND
- Source citation: Work cat.: (OSt): Open Meetings of Workshop Groups of the Sixteenth Plenary Meeting of COSPAR 16th Constance, Germany 1973 8460, Space research XIV, 1974